000 00904nam a22002177a 4500
005 20240530110419.0
008 141018s2010 ua gr 000 0 ara d
017 _a20495/2009
_bمصر . دار الكتب المصرية
020 _a9789773286526
040 _aEG-CaGPL
082 0 4 _221
_a341.52\
_bم ح
100 0 _aمنتصر سعيد حمودة
245 1 0 _aحقوق الانسان اثناء النزاعات المسلحة :
_bدراسة مقارنة فى ضوء احكام القانون الدولى الانسانى /
_cمنتصر سعيد حمودة
260 _aالاسكندرية :
_bدار الجامعة الجديدة ،
_c2010
300 _a250 ص ؛
_c24 سم
650 0 4 _aالقانون الدولى
650 0 4 _aنزع السلاح
650 0 4 _aالقانون الدولى
_xحقوق الانسان
942 _2ddc
_cBK
999 _c60610
_d60610